000 00832nam a2200241 a 4500
999 _c539
_d539
008 190913r20102013ii ||||gr|||| 001 0 eng d
020 _a9780070146150
_cRs. 720.00
040 _aKO
_beng
041 0 _aeng
044 _aii
082 0 4 _223
_a510.2462
_bSi643
100 1 _aSingh, Ravish R.
245 1 0 _aEngineering Mathematics :
_bA Tutorial Approach /
_cRavish R. Singh, Mukul Bhatt
260 _aNew Delhi :
_bMGraw Hill Education (India) Private Limited,
_c2010, reprint 2013
300 _aVarious pagination ;
_c23 cm.
650 0 _aMathematical analysis
_xCalculus
_vTextbooks
650 0 _aMathematical analysis
_xFourier analysis
_vTextbooks
650 0 _aTransformations (Mathematics)
_xZ transformation, Laplace transformation
_vTextbooks
700 _aBhatt, Mukul
_eaut
904 _aS_JOY
942 _cBK